[Event "Faroes op"]
[Site "Kollafjord"]
[Date "2017.07.18"]
[Round "8"]
[White "Johansen, Karl Louis"]
[Black "Petersen, Gutti"]
[Result "0-1"]
[WhiteElo "1247"]
[BlackElo "1652"]
[PlyCount "89"]
[EventDate "2017.07.12"]
[EventType "swiss"]
[EventRounds "9"]
[EventCountry "FAI"]
[SourceTitle "EXT 2018"]
[Source "ChessBase"]
[SourceDate "2017.10.13"]
[SourceVersion "1"]
[SourceVersionDate "2017.10.13"]
[SourceQuality "1"]

1. e4 c5 2. Nf3 d6 3. d4 cxd4 4. Nxd4 Nf6 5. Nc3 a6 6. a4 e6 7. Be2 Be7 8. 0-0 0-0 9. Kh1 Nc6 10. Nb3 Qc7 11. f4 Bd7 12. Be3 Na5 13. Nxa5 Qxa5 14. Bd3 Qc7 15. a5 Bc6 16. Bb6 Qd7 17. Qe2 g6 18. Rad1 Qc8 19. f5 e5 20. Be3 d5 21. Nxd5 Nxd5 22. exd5 Bxd5 23. c4 Bc6 24. f6 Bd8 25. Bb6 Qe6 26. Bxd8 Rfxd8 27. Qe3 Kh8 28. Qh6 Rg8 29. Be2 e4 30. Qg5 Rae8 31. b4 Qe5 32. Qxe5 Rxe5 33. Rd6 h5 34. Rb1 Kh7 35. b5 axb5 36. cxb5 Bd5 37. Rd1 Bb3 38. Ra1 Ra8 39. a6 bxa6 40. bxa6 Bc2 41. Rd7 Bb3 42. a7 Bd5 43. Rb1 Be6 44. Rdb7 Ra5 45. Rd7 0-1

[Event "Faroes op"]
[Site "Kollafjord"]
[Date "2017.07.13"]
[Round "3"]
[White "Johansen, Karl Louis"]
[Black "Wiberg, Ingi"]
[Result "0-1"]
[WhiteElo "1247"]
[BlackElo "1759"]
[PlyCount "82"]
[EventDate "2017.07.12"]
[EventType "swiss"]
[EventRounds "9"]
[EventCountry "FAI"]
[SourceTitle "EXT 2018"]
[Source "ChessBase"]
[SourceDate "2017.10.13"]
[SourceVersion "1"]
[SourceVersionDate "2017.10.13"]
[SourceQuality "1"]

1. d4 f5 2. c4 Nf6 3. Nf3 e6 4. Nc3 Bb4 5. Qc2 0-0 6. g3 d6 7. Bg2 Qe8 8. 0-0 Bxc3 9. Qxc3 Nbd7 10. b4 e5 11. dxe5 dxe5 12. Bb2 e4 13. Ne5 Nb6 14. f4 Na4 15. Qc2 Nxb2 16. Qxb2 Be6 17. Qc2 h5 18. h4 Nd7 19. Nxd7 Qxd7 20. Rfd1 Qf7 21. Rd4 Rad8 22. Rad1 Rxd4 23. Rxd4 Qf6 24. Qd2 Qf7 25. Qc3 Qf6 26. Qd2 Qg6 27. Kh2 Qf7 28. Qc2 Qe7 29. Qd2 Qf7 30. Qc2 Rc8 31. e3 c5 32. bxc5 Rxc5 33. Rd8+ Kh7 34. Bf1 b5 35. Qb2 Qc7 36. Qb4 a5 37. Qd2 bxc4 38. Rd4 c3 39. Qd1 Qf7 40. Be2 c2 41. Qc1 Qb7 0-1

[Event "FAI-chT3 1617"]
[Site "Faroe Islands"]
[Date "2016.11.13"]
[Round "3.3"]
[White "Petersen, Helgi L"]
[Black "Johansen, Karl Louis"]
[Result "1-0"]
[WhiteElo "1568"]
[BlackElo "1577"]
[PlyCount "67"]
[EventDate "2016.10.23"]
[EventType "team-tourn"]
[EventRounds "9"]
[EventCountry "FAI"]
[SourceTitle "EXT 2020"]
[Source "ChessBase"]
[SourceDate "2019.10.17"]
[SourceVersion "1"]
[SourceVersionDate "2019.10.17"]
[SourceQuality "1"]
[WhiteTeam "Runavik"]
[BlackTeam "Kollafjordur II"]
[WhiteTeamCountry "FAI"]
[BlackTeamCountry "FAI"]

1. d4 f5 2. c4 Nf6 3. Nc3 e6 4. Nf3 Be7 5. Bf4 d6 6. h3 0-0 7. e3 b6 8. Be2 Bb7 9. 0-0 Ne4 10. Nxe4 fxe4 11. Nd2 Bf6 12. Bg3 Nd7 13. Qc2 d5 14. cxd5 exd5 15. Qxc7 Qxc7 16. Bxc7 Rfc8 17. Rac1 Nf8 18. Bd6 Rxc1 19. Rxc1 Rc8 20. Rxc8 Bxc8 21. Nb1 Bb7 22. Bg4 Kf7 23. Nc3 Be7 24. Bxe7 Kxe7 25. f3 exf3 26. Bxf3 Ke6 27. Nb5 a5 28. Nc7+ Kd6 29. Ne8+ Kc6 30. Nxg7 Kb5 31. Nf5 Bc6 32. Ne7 Bb7 33. Nxd5 Bxd5 34. Bxd5 1-0

[Event "FAI-ch"]
[Site "Faroe Islands"]
[Date "1997.??.??"]
[Round "?"]
[White "Johansen, Karl Louis"]
[Black "Anthoniussen, Simun Petur"]
[Result "1/2-1/2"]
[WhiteElo "1790"]
[BlackElo "1710"]
[PlyCount "102"]
[EventDate "1997.??.??"]
[EventType "tourn"]
[EventRounds "9"]
[EventCountry "FAI"]
[SourceTitle "EXT 2006"]
[Source "ChessBase"]
[SourceDate "2005.11.24"]
[SourceVersion "1"]
[SourceVersionDate "2005.11.24"]
[SourceQuality "1"]

1. d4 Nf6 2. c4 c5 3. Nf3 g6 4. Nc3 cxd4 5. Nxd4 Bg7 6. e3 d6 7. Be2 0-0 8. 0-0 Nc6 9. a3 Bd7 10. b4 Rc8 11. Bb2 a6 12. Rc1 e5 13. Nb3 Be6 14. Nd5 Bxd5 15. cxd5 Ne7 16. Bf3 Qd7 17. e4 Bh6 18. Rxc8 Rxc8 19. Qd3 Qc7 20. Bd1 Nd7 21. Qh3 Kg7 22. Bg4 Rd8 23. f4 Nf6 24. fxe5 dxe5 25. Nc5 Nxg4 26. Qxg4 Be3+ 27. Kh1 Bd4 28. Rc1 Qb6 29. Qe2 a5 30. Bxd4 exd4 31. Qb2 Nxd5 32. Qxd4+ Qf6 33. Qxf6+ Nxf6 34. e5 Ng4 35. bxa5 Nxe5 36. Nxb7 Rd3 37. Ra1 Nc4 38. a6 Nb6 39. Kg1 Rd4 40. Rb1 Na8 41. Nc5 Rc4 42. Nd7 Ra4 43. Nb6 Rxa6 44. Nxa8 Rxa8 45. Rb3 h5 46. Kf2 g5 47. h3 f5 48. g3 Ra4 49. Kf3 h4 50. gxh4 Rxh4 51. Kg3 Ra4 1/2-1/2

[Event "FAI-ch"]
[Site "Faroe Islands"]
[Date "1997.??.??"]
[Round "?"]
[White "Johansen, Karl Louis"]
[Black "Samuelsen, Carl Eli Nolsoe"]
[Result "0-1"]
[WhiteElo "1790"]
[BlackElo "1940"]
[PlyCount "110"]
[EventDate "1997.??.??"]
[EventType "tourn"]
[EventRounds "9"]
[EventCountry "FAI"]
[SourceTitle "EXT 2006"]
[Source "ChessBase"]
[SourceDate "2005.11.24"]
[SourceVersion "1"]
[SourceVersionDate "2005.11.24"]
[SourceQuality "1"]

1. d4 d5 2. Nf3 Bf5 3. c3 c6 4. Bf4 Nd7 5. e3 e6 6. h3 Ne7 7. Bd3 f6 8. Qc2 Bxd3 9. Qxd3 Ng6 10. Bg3 Be7 11. 0-0 0-0 12. Nbd2 f5 13. Ne5 Ngxe5 14. Bxe5 Nxe5 15. dxe5 Qc7 16. f4 c5 17. Nf3 Rad8 18. h4 Qb6 19. Qe2 Rd7 20. a4 a6 21. Rfd1 Rfd8 22. a5 Qa7 23. Kf1 h6 24. Qf2 Qb8 25. Qg3 Qc7 26. Qg6 Qc6 27. Ke1 Bf8 28. Qg3 Qb5 29. Qf2 Qc4 30. Qe2 Qxe2+ 31. Kxe2 Be7 32. h5 Kf7 33. Rg1 Bf8 34. g4 fxg4 35. Rxg4 Re8 36. Rd1 Ke7 37. Rg6 Kd8 38. b3 Kc7 39. c4 dxc4 40. Rxd7+ Kxd7 41. bxc4 Rb8 42. f5 exf5 43. Nh4 Re8 44. Nxf5 Rxe5 45. Nxg7 Ke7 46. Kf3 Kf7 47. Kf4 Rxh5 48. Nxh5 Kxg6 49. Kg4 Bd6 50. Nf4+ Bxf4 51. Kxf4 Kf6 52. Ke4 Ke6 53. Kf4 h5 54. Kg5 Ke5 55. Kxh5 Ke4 0-1

[Event "FAI-ch"]
[Site "Faroe Islands"]
[Date "1997.??.??"]
[Round "?"]
[White "Johansen, Karl Louis"]
[Black "Simonsen, Olavur"]
[Result "0-1"]
[WhiteElo "1790"]
[BlackElo "2115"]
[PlyCount "88"]
[EventDate "1997.??.??"]
[EventType "tourn"]
[EventRounds "9"]
[EventCountry "FAI"]
[SourceTitle "EXT 2006"]
[Source "ChessBase"]
[SourceDate "2005.11.24"]
[SourceVersion "1"]
[SourceVersionDate "2005.11.24"]
[SourceQuality "1"]

1. e4 e5 2. Nf3 d6 3. d4 Bg4 4. dxe5 Nd7 5. Be2 dxe5 6. Be3 Ngf6 7. Nfd2 Be6 8. a3 a5 9. Bg5 Be7 10. h3 c6 11. c4 Nc5 12. Qc2 Bc8 13. Nc3 Ne6 14. Nf3 Nxg5 15. Nxg5 Nd7 16. Nf3 Qc7 17. b4 Nf8 18. Rd1 Ne6 19. c5 Nf4 20. Bf1 g5 21. Nd2 Be6 22. g3 Ng6 23. Bc4 Nf8 24. Ne2 0-0-0 25. Bxe6+ Nxe6 26. Nc4 Nd4 27. Nxd4 exd4 28. e5 Qd7 29. Nd6+ Bxd6 30. exd6 Qe6+ 31. Kd2 Qd5 32. Kc1 Rhe8 33. Rhe1 b6 34. g4 axb4 35. axb4 Rxe1 36. Rxe1 d3 37. Qc3 bxc5 38. Kd2 c4 39. Re5 Qxd6 40. b5 cxb5 41. Rxb5 Qf4+ 42. Kd1 Qf3+ 43. Kc1 d2+ 44. Kb2 d1N+ 0-1

[Event "FAI-ch"]
[Site "Faroe Islands"]
[Date "1997.??.??"]
[Round "?"]
[White "Merkistein, Suni"]
[Black "Johansen, Karl Louis"]
[Result "1-0"]
[WhiteElo "1970"]
[BlackElo "1790"]
[PlyCount "71"]
[EventDate "1997.??.??"]
[EventType "tourn"]
[EventRounds "9"]
[EventCountry "FAI"]
[SourceTitle "EXT 2006"]
[Source "ChessBase"]
[SourceDate "2005.11.24"]
[SourceVersion "1"]
[SourceVersionDate "2005.11.24"]
[SourceQuality "1"]

1. e4 c5 2. Nf3 d6 3. d4 cxd4 4. Nxd4 Nf6 5. Nc3 a6 6. a4 g6 7. Be2 Bg7 8. Be3 0-0 9. f3 Nbd7 10. Qd2 Qc7 11. a5 b6 12. axb6 Nxb6 13. Na4 Nxa4 14. Rxa4 d5 15. e5 Ne8 16. f4 f6 17. Nf3 e6 18. Bd4 Qc6 19. Ra5 Nc7 20. 0-0 f5 21. Rfa1 Re8 22. Rc5 Qb7 23. Qc3 Nb5 24. Bxb5 axb5 25. Rxa8 Qxa8 26. Rxb5 Qa1+ 27. Qe1 Qa4 28. Rc5 Qa2 29. Qa5 Qb1+ 30. Kf2 Qd1 31. Qd2 Qb1 32. Ra5 Bd7 33. b3 Rc8 34. Ne1 Bf8 35. Ra1 Bb4 36. Qxb4 1-0